|
|
|
|
| LEADER |
00000cam a22000004a 4500 |
| 001 |
musev2_6196 |
| 003 |
MdBmJHUP |
| 005 |
20230905040728.0 |
| 006 |
m o d |
| 007 |
cr||||||||nn|n |
| 008 |
041202s2005 pau o 00 0 eng d |
| 010 |
|
|
|z 2004061217
|
| 020 |
|
|
|a 9780812201437
|
| 020 |
|
|
|z 9780812238648
|
| 035 |
|
|
|a (OCoLC)759158232
|
| 040 |
|
|
|a MdBmJHUP
|c MdBmJHUP
|
| 043 |
|
|
|a e-uk---
|
| 050 |
0 |
4 |
|a PR448.C52
|b B74 2005
|
| 082 |
0 |
|
|a 820.9/27/09033
|2 22
|
| 100 |
1 |
|
|a Brewer, David A.
|q (David Allen),
|d 1969-
|
| 245 |
1 |
4 |
|a The Afterlife of Character, 1726-1825 /
|c David A. Brewer.
|
| 264 |
|
1 |
|a Philadelphia :
|b University of Pennsylvania Press,
|c 2005.
|
| 264 |
|
3 |
|a Baltimore, Md. :
|b Project MUSE,
|c 2012
|
| 264 |
|
4 |
|c ©2005.
|
| 300 |
|
|
|a 1 online resource (272 pages):
|b ill. ;
|
| 336 |
|
|
|a text
|b txt
|2 rdacontent
|
| 337 |
|
|
|a computer
|b c
|2 rdamedia
|
| 338 |
|
|
|a online resource
|b cr
|2 rdacarrier
|
| 504 |
|
|
|a Includes bibliographical references (p. [235]-251) and index.
|
| 588 |
|
|
|a Description based on print version record.
|
| 650 |
|
0 |
|a Sequels (Literature)
|
| 650 |
|
0 |
|a Influence (Literary, artistic, etc.)
|x History
|y 18th century.
|
| 650 |
|
0 |
|a Influence (Literary, artistic, etc.)
|x History
|y 19th century.
|
| 650 |
|
0 |
|a English literature
|y 19th century
|x History and criticism.
|
| 650 |
|
0 |
|a Authors and readers
|z Great Britain
|x History
|y 19th century.
|
| 650 |
|
0 |
|a Authors and readers
|z Great Britain
|x History
|y 18th century.
|
| 650 |
|
0 |
|a Intellectual property
|z Great Britain
|x History
|y 19th century.
|
| 650 |
|
0 |
|a Intellectual property
|z Great Britain
|x History
|y 18th century.
|
| 650 |
|
0 |
|a Characters and characteristics in literature.
|
| 650 |
|
0 |
|a English literature
|y 18th century
|x History and criticism.
|
| 655 |
|
7 |
|a Electronic books.
|2 local
|
| 710 |
2 |
|
|a Project Muse.
|e distributor
|
| 830 |
|
0 |
|a Book collections on Project MUSE.
|
| 856 |
4 |
0 |
|z Texto completo
|u https://projectmuse.uam.elogim.com/book/6196/
|
| 945 |
|
|
|a Project MUSE - Custom Collection
|
| 945 |
|
|
|a Project MUSE - Archive Complete Foundation
|
| 945 |
|
|
|a Project MUSE - Archive Literature Foundation
|